| 000 | 00411nam a2200145Ia 4500 | ||
|---|---|---|---|
| 008 | 230917s9999||||xx |||||||||||||| ||und|| | ||
| 040 |
_e255835 _aMAIN |
||
| 041 | _aEnglish | ||
| 082 | _a370.15 S61L | ||
| 100 | _aSuman | ||
| 245 | 0 | _aLearning styles among senior secondary school students in relation to locus of control, intelligence and self-efficacy | |
| 260 | _c2018 | ||
| 300 | _a179 p. | ||
| 942 | _cTH | ||
| 999 |
_c128415 _d128415 |
||